Innsbruck Dörferlinien - Statistiken

Allgemein
  • Dieses Quiz wurde 13 mal gespielt
  • Das Durchschnittsergebnis liegt bei 35 aus 117
Antwortstatistiken
Haltestellen % Korrekt
Innsbruck Hauptbahnhof
100%
Anton-Rauch-Straße
50%
Haller Straße
50%
Hall in Tirol Abzw Bahnhof
50%
Hall in Tirol Kurhaus
50%
Hall in Tirol Unterer Stadtplatz
50%
Kochstraße
50%
Martin-Luther-Platz/HAK
50%
Meinhardstraße
50%
Mühlau
50%
Mühlauer Brücke
50%
Polizeidirektion
50%
Absam Breitweg
25%
Absam Dorf
25%
Absam Kirche
25%
Absam Knapp Sägewerk
25%
Absam Stainerstraße
25%
Alois-Schrott-Straße
25%
Anichstraße/Rathausgalerien
25%
Arzl Ost
25%
Arzl West
25%
Bozner Platz
25%
Eichat Andreas-Hofer-Kaserne
25%
Eichat Burger
25%
Eichat Daniel-Swarovski-Straße
25%
Eichat Finkenberg
25%
Eichat Föhrenwald
25%
Eichat Melans
25%
Eichat Mitterhoferstraße
25%
Ferdinand-Weyrer-Straße
25%
Hall in Tirol Galgenfeldstraße
25%
Hall in Tirol Milser Straße
25%
Hall in Tirol Patergraben
25%
Hall in Tirol Röhrenwerk
25%
Hall in Tirol Sewerstraße
25%
Hall-Thaur Bahnhof
25%
Hans-Maier-Straße
25%
Haus der Begegnung
25%
Hoher Weg
25%
Innstraße
25%
Kalkofenweg
25%
Neu-Rum Abzw Innstraße/B171
25%
ORF Tirol
25%
Rotadlerstraße
25%
Rum Bahnhof
25%
Rum Dorfplatz
25%
Rum Murstraße
25%
Rum Ost
25%
Schmelzergasse
25%
Schusterbergweg
25%
Siemens
25%
Terminal Marktplatz
25%
Thaur Auweg
25%
Thaur Isserbrücke
25%
Thaur Kinzachhof
25%
Thaur Mitte
25%
Thaur West
25%
Trogerstraße
25%
Eichat Bettelwurfsiedlung
0%
Hall in Tirol Burgfrieden
0%
Hall in Tirol Salzburger Straße
0%
Rum Abzw Gartenweg
0%
Keine übereinstimmenden Quizze gefunden
Verteilung der Resultate
Anzahl Personen mit jedem Resultat
Perzentil nach korrekt beantworteten Fragen
Ihre Resultats-Entwicklung
Sie haben dieses Quiz noch nicht gespielt